000 00466nam a22001577a 4500
999 _c534246
_d534246
020 _qHard Cover.
082 _a620.11
100 _aNazir, Ijaz
245 _aEffect of Confinement on Velocity of Detonation /
_cIjaz Nazir.
260 _aIslamabad:
_bSCME - NUST,
_c2013.
300 _c30cm.
942 _2ddc
_cTHE
650 _aEnergetic Materials Engineering.
_928410
700 _aDr. A. Q. Malik.
_928411